=LDR 00000nam 2200000 4500 =001 NUTBA000000000000272 =005 20140319164108.0 =006 =007 =008 =035 ##$$a 0010-031400000000271 =040 ##$$b Ind =090 ##$$a 659.207 2 $bRos $cm =100 ##$$a Rosady Ruslan =245 ##$$a Metode penelitian Public relations dan komunikasi =260 ##$$a Jakarta $bRaja grafindo persada $c2006 =300 ##$$a 290 hlm. $bIllus $c23 cm =650 ##$$a Hubungan masyarakat =850 ##$$a NBPNMAT =990 ##$$a 20611407 =990 ##$$a 90690/BPAP-NTB/2014